Daňové výdavky - polemické, diskutabilné, na hrane alebo také, ktoré nenájdete

Nerovnaké názory a nejasnosti na tému relevantnosti vybraných nákladov v biznise podnikateľských subjektov k téme (ne) daňových výdavkov.

Saved in:
Bibliographic Details
Main Author: Burák, Emil
Format: Book Chapter
Language:Slovak
Subjects:
Tags: Add Tag
No Tags, Be the first to tag this record!

MARC

LEADER 00000naa a2200000 4500
001 0166954
005 20231207111921.6
041 0 |a slo 
044 |a SK 
245 1 0 |a Daňové výdavky - polemické, diskutabilné, na hrane alebo také, ktoré nenájdete  |c Emil Burák 
520 |a Nerovnaké názory a nejasnosti na tému relevantnosti vybraných nákladov v biznise podnikateľských subjektov k téme (ne) daňových výdavkov. 
610 2 0 |a legislatíva 
610 2 0 |a výdavky daňové 
610 2 0 |a terminológia 
610 2 0 |a audítori 
100 1 |a Burák, Emil